| 000 | 00593nam a22001937a 4500 | ||
|---|---|---|---|
| 003 | OSt | ||
| 008 | 260429b |||||||| |||| 00| 0 eng d | ||
| 082 |
_a635.34897 _bS48E |
||
| 100 | _aSingh, Vijay Kumar. | ||
| 245 |
_aEffect on Biofertilizers and Inorganic Fertilizers on Growth, Yield and Quality of Hybrid Cabbage (Brassica oleracea var. capitata Linn.) / _cby Vijay Kumar Singh |
||
| 260 |
_aPusa, Samastipur _bRAU _c2008 |
||
| 300 | _a146p. | ||
| 502 |
_bPh.D. _d2008 |
||
| 650 | _aHorticulture | ||
| 650 | _aHybrid Cabbage | ||
| 650 | _aThesis | ||
| 650 | _aPh. D. | ||
| 942 |
_2ddc _cT |
||
| 999 |
_c50265 _d50265 |
||